| 000 | 00594nam a22002297a 4500 | ||
|---|---|---|---|
| 999 |
_c9568 _d9568 |
||
| 001 | 9568 | ||
| 003 | BD-JhCC | ||
| 005 | 20180319180508.0 | ||
| 008 | 180319b xxu||||| |||| 00| 0 eng d | ||
| 035 | _a(BD-JhCC)9568 | ||
| 040 |
_aBD-JhCC _dBD-JhCC |
||
| 041 | _aeng | ||
| 082 |
_bGUT 1981 _a909.82 |
||
| 100 | _aGuth Hans P. | ||
| 245 |
_aOur World Today : _bLiving Literature / _c Hans P. Guth |
||
| 260 |
_aToronto : _bD. C. Health and Company, _c1981. |
||
| 300 |
_a626 p. : _bills; _c24 cm. |
||
| 650 | _aCivilization | ||
| 651 | _aHistory, Modern | ||
| 942 |
_2ddc _cBK |
||